Ricostruisci la Carriera del Calciatore - Lars Bender - Statistics

Statistiche generali
  • Questo quiz è stato fatto 5 volte
  • Il punteggio medio è 3 su 5
Statistiche sulle risposte
Hint Risposta % Corretto
2006-2009 Monaco 1860
100%
2009-2021 Bayer Leverkusen
67%
2006-2007 Monaco 1860 II
67%
2021- TSV Brannenburg
67%
2009-2011 Bayer Leverkusen II
33%
Nessun quiz corrispondente trovato
Distribuzione punteggi
Percentuale di utenti per punteggio
Percentile per numero di risposta
I tuoi punteggi nel tempo
Non hai fatto questo quiz